畫妖師 . 妖降 . 卷四

資料類型: Book 圖書   書目號:51757

Leader xxxxxxxxxx
001 __ 102499/2/01
005 __ 20171120175624.020
010 0_ |a978-986-272-351-7|b第4冊 : 平裝|d新臺幣280元
042 __ |anbic
100 __ |a20171120d2013    k  y0chiy50      e
101 0_ |achi
102 __ |atw
105 __ |ay   z   000ay
200 1_ |a畫妖師|h卷四|i妖降|f石子著
205 __ |a初版
210 __ |a臺北市|c商周,城邦文化出版|c家庭傳媒城邦分公司發行|d2013[民102]
215 0_ |a373面|d21公分
225 12 |a青少年館|v9
681 __ |a857.7|b844 v.4
700 _0 |a石子|4801 _0 |atw|bLibDipper|c20171120|gCCR
詳細館藏(共 1 筆)
索 書 號登 錄 號冊次號館別 / 館藏地流通類型狀態加入預約清單電子資源
857.7 / 844 1024992 v.4 圖書館 / 一樓普通區 可外借30天 在館   

| 條列資料




目錄查詢 分類查詢 個人資料 圖書薦購 新書查詢 閉館日 排行榜 更多電子資源 Hami書城 線上資料庫 登出

From : 216.73.217.87

  本日流通累計至 14:15:49 借閱 : 13 次 續借 : 0 次 歸還 : 10 次 預約 : 0 次 電子資源 : 0 次


內湖高中圖書館  PCLIS 版本  26.5.0.12